Films dont le titre commence par un O (1) - Statistiques

Statistiques générales
  • Ce quiz a été pris 5 fois
  • Le résultat moyen est 7 sur 30
Statistiques - réponses
Année Réalisateur Genre 1 acteur ou
1 actrice
Titre % Correct
1983 J. Glen Espionnage Roger Moore Octopussy
80%
1967 E. Molonaro Comédie Louis de Funès Oscar
80%
1975 R. Lamoureux Comédie Jean Lefebvre On a retrouvé la septième compagnie
60%
1971 E. Barboni Western Bud Spencer On continue à l'appeler Trinita
60%
1970 E. Barboni Western Terence Hill On l'appelle Trinita
60%
1967 L. Gilbert Espionnage Sean Connery On ne vit que deux fois
60%
1965 T. Young Espionnage Sean Connery Opération Tonnerre
60%
1971 S. Kubrick Drame Malcom McDowell Orange mécanique
60%
1973 R. Clouse Karaté Bruce Lee Opération dragon
40%
1972 G. Petroni Western Franco Castellano On m'appelle Providence
20%
1965 P. Schoendoerffer Policier Bruno Cremer Objectif 500 Millions
20%
1943 J. Duvivier Fantastique Edward G. Robinson Obsessions
20%
1969 S. Pollack Drame Jane Fonda On achève bien les chevaux
20%
1980 Ph. de Broca Comédie Philippe Noiret On a volé la cuisse de Jupiter
20%
1954 E. Dmytryk Drame psychologique Lee Marvin Ouragan sur le Caine
20%
1982 T. Hackford Comédie Richard Gere Officier et Gentleman
0%
1976 G. Lautner Comédie Pierre Richard On aura tout vu
0%
1974 R. Lester Aventures Charlton Heston On l'appelait Milady
0%
1931 J. Renoir Comédie Fernandel On purge bébé
0%
1974 G. Waggner Guerre John Wayne Opération dans le Pacifique
0%
1974 R. Lamoureux Comédie Michel Serrault Opération Lady Marlene
0%
1955 R. Thomas Guerre John Mills Opération Tirpitz
0%
1959 M. Camus Drame psychologique Breno Mello Orfeu negro
0%
1954 C-L Bragaglia Comédie dramatique Jacques Companéez Orient Express
0%
1950 J. Cocteau Fantastique Jean Marais Orphée
0%
1956 J. Sacha Espionnage Magali Noël OSS 117 n'est pas mort
0%
1970 P. Kalton Espionnage Vittorio Rubello OSS 117 prend des vacances
0%
1963 A. Hunebelle Espionnage Yvan Chiffre OSS 117 se déchaine
0%
1966 W. Grauman Espionnage Donald Harron OSS contre Gestapo
0%
1943 L. Visconti Drame Massimo Girotti Ossessione
0%
Aucun quiz correspondant
Distribution des résultats
% des personnes avec chaque résultat
Percentile par nombre de réponses
Votre historique - résultats
Vous n’avez pas pris ce quiz